Γιατί το σεξ είναι διασκεδαστικό; : η εξέλιξη της ανθρώπινης σεξουαλικότητας
Saved in:
| Main Author: | |
|---|---|
| Format: | Book |
| Language: | Greek English |
| Published: |
Αθήνα :
Κάτοπτρο,
2001.
|
| Series: | Αυθεντίες της επιστήμης
|
| Subjects: | |
| Tags: |
Add Tag
No Tags, Be the first to tag this record!
|
MARC
| LEADER | 00000cam a2200000 i 4500 | ||
|---|---|---|---|
| 001 | 1/37959 | ||
| 008 | 030702s2001 gr | ||| |||| ||gre|| | ||
| 020 | |a 9607778391 | ||
| 035 | |l 10070353 | ||
| 040 | |a GR-MyUA |b gre |e AACR2 | ||
| 041 | 1 | |a gre |h eng | |
| 082 | 0 | |a 306.7 |2 (21) | |
| 100 | 1 | |a Diamond, Jared M. | |
| 245 | 1 | 0 | |a Γιατί το σεξ είναι διασκεδαστικό; : |b η εξέλιξη της ανθρώπινης σεξουαλικότητας / |c Jared Diamond. |
| 260 | |a Αθήνα : |b Κάτοπτρο, |c 2001. | ||
| 300 | |a 219 σ. ; |c 22 εκ. | ||
| 490 | 1 | |a (Αυθεντίες της επιστήμης) | |
| 500 | |a Τίτλος πρωτοτύπου: Why is sex fun? | ||
| 504 | |a Περιέχει βιβλιογραφία και ευρετήριο. | ||
| 650 | 0 | 0 | |a Sex. |
| 650 | 0 | 0 | |a Sex customs. |
| 830 | 0 | |a Αυθεντίες της επιστήμης | |
| 852 | |a INST |b LESVOS |e 20030702 |h 306.7 DIA |p 005100024550 |q 005100024550 |t BK |y 0 | ||
| 901 | |a BIBL1-2003-2 | ||
| 909 | |a Λ |b 105333 | ||
| 970 | |a ΚΑΡΑ |b ΓΙΑΣΕΜΗ |z 2003/07/02 | ||